书目信息 |
| 题名: |
高层建筑结构设计
|
|
| 作者: | 裴星洙 主编 | |
| 分册: | ||
| 出版信息: | 北京 知识产权出版社 2014.08 |
|
| 页数: | 373页 | |
| 开本: | 26cm | |
| 丛书名: | ||
| 单 册: | ||
| 中图分类: | TU973 | |
| 科图分类: | ||
| 主题词: | 高层建筑--gao ceng jian zhu--结构设计--高等学校--教材 | |
| 电子资源: | ||
| ISBN: | 978-7-5130-2742-7 | |
| 000 | 01182nam0 2200277 450 | |
| 001 | CAL 0120141393240 | |
| 005 | 20150803163052.82 | |
| 010 | @a978-7-5130-2742-7@dCNY48.00 | |
| 100 | @a20150410d2014 em y0chiy50 ea | |
| 101 | 0 | @achi |
| 102 | @aCN@b110000 | |
| 105 | @aak a 000yy | |
| 106 | @ar | |
| 200 | 1 | @a高层建筑结构设计@Agao ceng jian zhu jie gou she ji@f主编裴星洙 |
| 205 | @a第2版 | |
| 210 | @a北京@c知识产权出版社@d2014.08 | |
| 215 | @a373页@c图@d26cm | |
| 320 | @a有书目 | |
| 330 | @a本书共分11章, 其主要内容有: 高层建筑结构的发展, 高层建筑结构体系与布置原则, 高层建筑结构荷载及其效应组合, 框架结构内力与位移计算, 钢筋混凝土框架结构设计, 剪力墙结构的内力与位移计算, 钢筋混凝土剪力墙结构设计, 框架—剪力墙结构内力与位移计算, 框架—剪力墙结构设计和构造, 高层建筑动力时程分析基础, 高层建筑动力时程分析实例。附录中还详细介绍了FORTRAN语言知识, 结合实例说明了质点系层模型地震响应弹塑性时程分析方法。 | |
| 333 | @a高等院校土木工程专业教材 | |
| 586 | @a | |
| 606 | 0 | @a高层建筑@Agao ceng jian zhu@x结构设计@x高等学校@j教材 |
| 690 | @aTU973@v5 | |
| 701 | 0 | @a裴星洙@Apei xing zhu@4主编 |
| 801 | 0 | @aCN@c20150820 |
| 905 | @a河南城建学院图书馆@dTU973@eP400@f3 | |
| 高层建筑结构设计/主编裴星洙.-第2版.-北京:知识产权出版社,2014.08 |
| 373页:图;26cm |
| 使用对象:高等院校土木工程专业教材 |
| ISBN 978-7-5130-2742-7:CNY48.00 |
| 本书共分11章, 其主要内容有: 高层建筑结构的发展, 高层建筑结构体系与布置原则, 高层建筑结构荷载及其效应组合, 框架结构内力与位移计算, 钢筋混凝土框架结构设计, 剪力墙结构的内力与位移计算, 钢筋混凝土剪力墙结构设计, 框架—剪力墙结构内力与位移计算, 框架—剪力墙结构设计和构造, 高层建筑动力时程分析基础, 高层建筑动力时程分析实例。附录中还详细介绍了FORTRAN语言知识, 结合实例说明了质点系层模型地震响应弹塑性时程分析方法。 |
| ● |
| 相关链接 |
|
|
|
正题名:高层建筑结构设计
索取号:TU973/P400
 
预约/预借
| 序号 | 登录号 | 条形码 | 馆藏地/架位号 | 状态 | 备注 |
| 1 | 1161998 | 211619989 | 建筑库201/201建筑库 87排2列1层/ [索取号:TU973/P400] | 在馆 | |
| 2 | 1161999 | 211619998 | 建筑库201/201建筑库 87排2列1层/ [索取号:TU973/P400] | 在馆 | |
| 3 | 1162000 | 211620003 | 建筑库201/201建筑库 87排2列1层/ [索取号:TU973/P400] | 在馆 |